Žiak so špeciálnymi výchovno-vzdelávacími potrebami segregácia, integrácia, inklúzia

Bibliographic Details
Main Author: Vrabcová, Veronika (Author)
Format: Article
Language:Slovak
ISSN:1336-9849
Subjects:

MARC

LEADER 00000nab a2200000 4500
001 vtls011921546
003 SK-MaSNL
005 20260303095319.0
008 200303|2019 xo |||| ||an ||00 0|slo
015 |a SNBRB2020/03 
040 |a SPKCL  |b slo  |e rda 
041 |a slo  |b slo 
044 |a xo  |c SK 
072 7 |a 37  |x Výchova a vzdelávanie  |2 konspekt 
080 |a 37.043.2  |2 2011 
100 1 |a Vrabcová, Veronika  |4 aut  |9 1108653 
245 1 0 |a Žiak so špeciálnymi výchovno-vzdelávacími potrebami  |b segregácia, integrácia, inklúzia  |c Veronika Vrabcová 
336 |a text  |b txt  |2 rdacontent 
337 |a bez média  |b n  |2 rdamedia 
338 |a zväzok  |b nc  |2 rdacarrier 
504 |a Obsahuje bibliografiu 
546 |a Slovenské resumé 
650 0 7 |a integrovaná výchova a vzdelávanie  |2 SNKPH  |9 67219 
650 0 7 |a žiaci so špeciálnymi výchovno-vzdelávacími potrebami  |2 snkbucl  |9 835265 
773 0 |t Manažment školy v praxi : odborný mesačník pre manažment škôl, školských a predškolských zariadení  |g Roč. 14, č. 12 (2019), s. 26-28  |x 1336-9849 
958 |a NB 
999 |c 1824621  |d 1826551